| 000 | 00000nam 2200000za 4500 |
| 001 | 9.822292 |
| 003 | CaOODSP |
| 005 | 20221107143644 |
| 007 | cr ||||||||||| |
| 008 | 160809s2016 onc o f000 0 eng d |
| 040 | |aCaOODSP|beng |
| 043 | |an-cn--- |
| 086 | 1 |aH113-24/2016-40E-PDF |
| 245 | 00|aBromoxynil |h[electronic resource]. |
| 260 | |aOttawa : |bHealth Canada, |cc2016. |
| 300 | |a5 p. |
| 490 | 1 |aProposed maximum residue limit, |x1925-0843 ; |vPMRL2016-40 |
| 500 | |aIssued also in French under title: Bromoxynil. |
| 500 | |a“8 August 2016.” |
| 504 | |aIncludes references. |
| 520 | |aUnder the authority of the Pest Control Products Act, Health Canada’s Pest Management Regulatory Agency (PMRA) has concluded that the addition of a new use on carrots to the product label of Pardner Herbicide, containing technical grade bromoxynil, is acceptable. The specific use approved in Canada is detailed on the label of Pardner Herbicide, Pest Control Products Act Registration Number 18001. The evaluation of this bromoxynil application indicated that the end-use product has value and the human health and environmental risks associated with the new uses are acceptable. |
| 530 | |aIssued also in print. |
| 692 | 07|2gccst|aHerbicides |
| 692 | 07|2gccst|aCertification |
| 692 | 07|2gccst|aToxicology |
| 710 | 1 |aCanada. |bHealth Canada. |
| 710 | 1 |aCanada. |bPest Management Regulatory Agency. |
| 775 | 08|tBromoxynil |w(CaOODSP)9.822294 |
| 830 | #0|aProposed maximum residue limit,|x1925-0843 ; |vPMRL2016-40|w(CaOODSP)9.505147 |
| 856 | 40|qPDF|s153 KB|uhttps://publications.gc.ca/collections/collection_2016/sc-hc/H113-24-2016-40-eng.pdf |